000 00499nam a22001937a 4500
001 T027600010268
008 181111b xve|||||r|||| 00| | esp d
020 _a84-8310-938-7
099 _a394.12
_bF363
100 _aFernández-Armesto, Felipe
245 _aHistoria de la comida: alimentos, cocina y civilización
260 _a
300 _a372p.
500 _aImpreso
650 _aHábitos Alimenticios
650 _aCocina--Historia
650 _aAlimentos--Historia
942 _cLIB
999 _c11156
_d11156